Zdaňovanie rizikového kapitálu
Základné formy financovania rizikového kapitálu. Zdaňovanie príjmov úverovej formy rizikového kapitálu. Ako sú zdaňované kapitálové príjmy.
Guardado en:
| Autor principal: | |
|---|---|
| Otros Autores: | |
| Formato: | Capítulo de libro |
| Lenguaje: | eslovaco |
| Materias: | |
| Etiquetas: |
Sin Etiquetas, Sea el primero en etiquetar este registro!
|
MARC
| LEADER | 00000naa$a2200000$$$4500 | ||
|---|---|---|---|
| 001 | 0181123 | ||
| 005 | 20240502073113.3 | ||
| 041 | 0 | |a slo | |
| 044 | |a SK | ||
| 245 | 1 | 0 | |a Zdaňovanie rizikového kapitálu |c Miroslav Kmeťko, Katarína Vavrová |
| 520 | |a Základné formy financovania rizikového kapitálu. Zdaňovanie príjmov úverovej formy rizikového kapitálu. Ako sú zdaňované kapitálové príjmy. | ||
| 610 | 2 | 0 | |a dane |
| 610 | 2 | 0 | |a zdaňovanie |
| 610 | 2 | 0 | |a kapitál rizikový |
| 610 | 2 | 0 | |a úver |
| 610 | 2 | 0 | |a úrok |
| 610 | 2 | 0 | |a investície |
| 610 | 2 | 0 | |a papiere cenné |
| 610 | 2 | 0 | |a podnikatelia |
| 610 | 2 | 0 | |a osoby fyzické |
| 610 | 2 | 0 | |a osoby právnické |
| 100 | 1 | |a Kmeťko, Miroslav, 1969- | |
| 700 | 1 | |a Vavrová, Katarína, 1960- | |